|
|
|
|
| LEADER |
00000nam0a2200000 4500 |
| 001 |
19127 |
| 005 |
20231030191538.0 |
| 010 |
|
|
|a 5250012337
|
| 035 |
|
|
|a (RuTPU)RU\TPU\book\19286
|
| 035 |
|
|
|a BOOK00003974
|
| 090 |
|
|
|a 19127
|
| 100 |
|
|
|a 20011209d1991 km y0rusy50 ca
|
| 101 |
0 |
|
|a rus
|
| 102 |
|
|
|a RU
|
| 105 |
|
|
|a a z 000zy
|
| 200 |
1 |
|
|a "Рыцари церкви". Кто они?
|e Очерки об истории и современной деятельности католических орденов
|f Б. А. Печников
|
| 210 |
|
|
|a Москва
|c Политиздат
|d 1991
|
| 215 |
|
|
|a 350 с.
|
| 610 |
1 |
|
|a духовно-рыцарские ордена
|
| 610 |
1 |
|
|a католицизм
|
| 610 |
1 |
|
|a религия
|
| 610 |
1 |
|
|a история
|
| 610 |
1 |
|
|a католические ордена
|
| 686 |
|
|
|a Э375-3
|v LBC/SL-A
|2 rubbk
|
| 700 |
|
1 |
|a Печников
|b Б. А.
|g Борислав Алексеевич
|
| 801 |
|
0 |
|a RU
|b 63413507
|c 20011209
|g PSBO
|
| 801 |
|
2 |
|a RU
|b 63413507
|c 20120418
|g PSBO
|
| 942 |
|
|
|c BK
|